El crédito en el Derecho / (Record no. 87064)

MARC details
000 -LEADER
campo de control de longitud fija 00775nam a2200205 i 4500
001 - NÚMERO DE CONTROL
campo de control 87064
003 - IDENTIFICADOR DE NÚMERO DE CONTROL
campo de control ES-MaACL
005 - FECHA Y HORA DE LA ÚLTIMA TRANSACCIÓN
campo de control 20250727090821.0
007 - CAMPO FIJO DE DESCRIPCIÓN FÍSICA--INFORMACIÓN GENERAL
campo de control de longitud fija t|
008 - DATOS DE LONGITUD FIJA--INFORMACIÓN GENERAL
campo de control de longitud fija 041217s1946 sp ||||1| spa d
100 1# - ENTRADA PRINCIPAL--NOMBRE DE PERSONA
Nombre de persona Koch, Arwed.
9 (RLIN) 68396
245 13 - MENCIÓN DEL TÍTULO
Título El crédito en el Derecho /
Mención de responsabilidad, etc. Arwed Koch ; traducción y notas del derecho español por José María Navas.
260 ## - PUBLICACIÓN, DISTRIBUCIÓN, ETC.
Lugar de publicación, distribución, etc. Madrid :
Nombre del editor, distribuidor, etc. Revista de Derecho Privado,
Fecha de publicación, distribución, etc. [1946] (
Fabricante Gráficas González)
300 ## - DESCRIPCIÓN FÍSICA
Extensión 292 p. ;
Dimensiones 23 cm.
490 1# - MENCIÓN DE SERIE
Mención de serie Monografías fundamentales de derecho privado y público. Serie B ;
Designación de volumen o secuencia 21
700 1# - ENTRADA AGREGADA--NOMBRE PERSONAL
Nombre de persona Navas, José María.
9 (RLIN) 85201
830 00 - PUNTO DE ACCESO ADICIONAL DE SERIE-TÍTULO UNIFORME
Título uniforme Monografías fundamentales de derecho privado y público
Designación de volumen o secuencia 21
9 (RLIN) 230222
852 ## - LOCALIZACIÓN
Ubicación ES-MaACL
Número de control de estantería B-10750
Sublocalización o colección R.22423
Holdings
Estatus retirado Estado de pérdida Estado de daño No para préstamo Biblioteca de origen Biblioteca actual Ubicación en estantería Fecha de adquisición Fuente de adquisición Total de préstamos Signatura topográfica completa Código de barras Visto por última vez Precio de reemplazo Tipo de ítem Koha
        Biblioteca del Ateneo de Madrid Biblioteca del Ateneo de Madrid Sala Pardo Bazán 17/01/2008     B-10750 1090967 23/02/2023 23/02/2023 Libro impreso